| 000 | 00582nac a22001811u 4500 | ||
|---|---|---|---|
| 020 | _a 0852975708 | ||
| 082 |
_a658.8 _bMEE |
||
| 090 |
_c5777 _d5777 |
||
| 100 | _aMeek, Helen. | ||
| 245 |
_aMarketing management / _cHelen Meek & Richard Meek. |
||
| 260 |
_aCanterbury : _b Institute of Financial Services, 2001. _c2001 |
||
| 300 |
_aviii, 390 p. ; _c 25 cm. |
||
| 500 | _adistributer: Al-Ahram | ||
| 511 | _acatalogued by: wessam | ||
| 650 |
_amarketing _xmanagement |
||
| 700 |
_aMeek, R. M. _q (Richard M.) |
||
| 942 |
_cBB _k658.8MEE |
||
| 999 |
_c5777 _d5777 |
||